| 000 | 00740nam a2200241Ia 4500 | ||
|---|---|---|---|
| 001 | 21303 | ||
| 003 | GE_BSU | ||
| 008 | 181216s||||||||xx |||||||||||||| ||und|| | ||
| 020 | _aISBN:978-5-7567-0861-5 | ||
| 040 | _cGE_BSU | ||
| 080 | _a327 | ||
| 100 | _aНикитина, Ю. А. | ||
| 245 | _aВведение в международные отношения и мировую политику | ||
| 250 | _a4-е издание | ||
| 260 | _aМосква | ||
| 260 | _bАспект-Пресс | ||
| 260 | _c2017 | ||
| 300 | _a157стр. 21см. | ||
| 541 | _h36 ლ. | ||
| 653 | _aВведение в международные отношения и мировую политику | ||
| 653 | _aПолитика | ||
| 942 | _cBK | ||
| 999 |
_c54247 _d54247 |
||